[Event "Perm op 04"]
[Site "Perm"]
[Date "2009.04.22"]
[Round "3"]
[White "Chumakov, Anatoly"]
[Black "Losev, Anatoly"]
[Result "1-0"]
[WhiteElo "1965"]
[BlackElo "1878"]
[PlyCount "37"]
[EventDate "2009.04.20"]
[EventType "swiss"]
[EventRounds "8"]
[EventCountry "RUS"]
[SourceTitle "EXT 2022"]
[Source "ChessBase"]
[SourceDate "2021.10.06"]
[SourceVersion "1"]
[SourceVersionDate "2021.10.06"]
[SourceQuality "1"]

1. e4 c6 2. Nc3 d5 3. Nf3 e6 4. a3 Bd6 5. e5 Bc7 6. d4 Nd7 7. Bg5 f6 8. exf6 Ngxf6 9. Bd3 0-0 10. 0-0 Qe8 11. Re1 e5 12. dxe5 Nxe5 13. Nxe5 Bxe5 14. f4 Bd4+ 15. Kh1 Qh5 16. Be2 Bg4 17. Qxd4 Bxe2 18. Bxf6 Rxf6 19. Nxe2 1-0

[Event "Perm op-A 03"]
[Site "Perm"]
[Date "2009.03.19"]
[Round "9"]
[White "Chumakov, Anatoly"]
[Black "Zamorin, Nikolai"]
[Result "1/2-1/2"]
[WhiteElo "1983"]
[BlackElo "1989"]
[PlyCount "52"]
[EventDate "2009.03.11"]
[EventType "swiss"]
[EventRounds "9"]
[EventCountry "RUS"]
[SourceTitle "EXT 2022"]
[Source "ChessBase"]
[SourceDate "2021.10.06"]
[SourceVersion "1"]
[SourceVersionDate "2021.10.06"]
[SourceQuality "1"]

1. d4 Nf6 2. c4 e6 3. Nc3 Bb4 4. Qb3 Bxc3+ 5. Qxc3 0-0 6. Bg5 h6 7. Bxf6 Qxf6 8. e4 c5 9. e5 Qe7 10. dxc5 Qxc5 11. b4 Qc7 12. Nf3 a5 13. a3 Nc6 14. Rb1 b6 15. Bd3 Bb7 16. 0-0 Ne7 17. Nd2 b5 18. Rfc1 axb4 19. Rxb4 bxc4 20. Rxc4 Nc6 21. Nf3 Qa5 22. a4 Qxc3 23. R1xc3 Ra5 24. Rb3 Ba6 25. Re4 Bxd3 26. Rxd3 Rd8 1/2-1/2

[Event "Perm op-A 03"]
[Site "Perm"]
[Date "2009.03.17"]
[Round "7"]
[White "Chumakov, Anatoly"]
[Black "Shilov, Boris"]
[Result "0-1"]
[WhiteElo "1983"]
[BlackElo "2017"]
[PlyCount "36"]
[EventDate "2009.03.11"]
[EventType "swiss"]
[EventRounds "9"]
[EventCountry "RUS"]
[SourceTitle "EXT 2022"]
[Source "ChessBase"]
[SourceDate "2021.10.06"]
[SourceVersion "1"]
[SourceVersionDate "2021.10.06"]
[SourceQuality "1"]

1. d4 d5 2. c4 c6 3. Nc3 Nf6 4. cxd5 cxd5 5. Qc2 Nc6 6. e3 g6 7. a3 Bd7 8. b4 a6 9. Bd3 Bg7 10. Qb3 0-0 11. Bb2 e5 12. dxe5 Nxe5 13. Be2 Bc6 14. Nf3 Nxf3+ 15. Bxf3 d4 16. exd4 Bxf3 17. gxf3 Re8+ 18. Kf1 Qd7 0-1

[Event "Perm Elo op-A"]
[Site "Perm"]
[Date "2007.05.03"]
[Round "5"]
[White "Chumakov, Anatoly"]
[Black "Zamorin, Nikolai"]
[Result "0-1"]
[WhiteElo "2027"]
[BlackElo "2037"]
[PlyCount "104"]
[EventDate "2007.04.25"]
[EventType "swiss"]
[EventRounds "9"]
[EventCountry "RUS"]
[SourceTitle "EXT 2010"]
[Source "ChessBase"]
[SourceDate "2010.11.25"]
[SourceVersion "1"]
[SourceVersionDate "2010.11.25"]
[SourceQuality "1"]

1. Nf3 Nf6 2. b3 d6 3. g3 e5 4. d3 Nc6 5. Bg2 Be7 6. 0-0 0-0 7. c4 e4 8. Ng5 h6 9. Nh3 exd3 10. exd3 Bg4 11. f3 Bf5 12. Bb2 Nb4 13. Nf2 d5 14. a3 Nc6 15. d4 Qd7 16. c5 Nh7 17. Nd3 Bg5 18. f4 Bg4 19. Qd2 Bd8 20. Ne5 Nxe5 21. dxe5 c6 22. Nc3 Be7 23. b4 a5 24. Na4 axb4 25. axb4 Qf5 26. Nb6 Rxa1 27. Rxa1 h5 28. Bf1 Bf3 29. Bd3 Qg4 30. Kf2 Be4 31. Bxe4 dxe4 32. Qe2 Qf5 33. Kg2 Rd8 34. Nc4 Rd3 35. Ra3 h4 36. Ne3 Qd7 37. Rxd3 exd3 38. Qd2 f6 39. Qc3 fxe5 40. fxe5 h3+ 41. Kf2 Ng5 42. Qd4 Qxd4 43. Bxd4 Kf7 44. Nf5 g6 45. Ne3 Ke6 46. g4 Bd8 47. Kg3 Bc7 48. Kf4 Nf7 49. Ke4 d2 50. Bc3 Bxe5 51. Bxd2 Ng5+ 52. Kd3 Nf3 0-1

[Event "Perm Kotkov Memorial op"]
[Site "Perm"]
[Date "2007.04.03"]
[Round "6"]
[White "Chumakov, Anatoly"]
[Black "Shilov, Boris"]
[Result "1/2-1/2"]
[WhiteElo "2027"]
[BlackElo "2047"]
[PlyCount "125"]
[EventDate "2007.03.27"]
[EventType "swiss"]
[EventRounds "7"]
[EventCountry "RUS"]
[SourceTitle "EXT 2022"]
[Source "ChessBase"]
[SourceDate "2021.10.06"]
[SourceVersion "1"]
[SourceVersionDate "2021.10.06"]
[SourceQuality "1"]

1. d4 d5 2. c4 c6 3. cxd5 cxd5 4. Nf3 e6 5. Nc3 Nf6 6. Bg5 Nc6 7. e3 Be7 8. Bd3 0-0 9. 0-0 Bd7 10. a3 a6 11. b4 b5 12. Ne5 Rc8 13. Rc1 Be8 14. f4 Nxe5 15. fxe5 Nd7 16. Bxe7 Qxe7 17. Ne2 Rxc1 18. Qxc1 Nb6 19. Rf3 f5 20. exf6 Rxf6 21. Rh3 g6 22. e4 dxe4 23. Bxe4 Nc4 24. Rg3 e5 25. h4 exd4 26. Bd5+ Bf7 27. Bxf7+ Rxf7 28. Nxd4 Qxh4 29. Qc3 Qe4 30. Nf3 Re7 31. Qf6 Qe6 32. Qh4 Ne3 33. Ng5 Qb6 34. Rf3 Nf5+ 35. Qf2 Re1+ 36. Kh2 Qxf2 37. Rxf2 Ra1 38. g4 Nh6 39. Kg3 Rxa3+ 40. Kh4 Rb3 41. Ne6 Nf7 42. Rc2 h6 43. Rc7 Rxb4 44. Rc8+ Kh7 45. Rc7 h5 46. Ng5+ Kg8 47. Nxf7 Rxg4+ 48. Kh3 Rc4 49. Nh6+ Kf8 50. Rf7+ Ke8 51. Rf6 a5 52. Rxg6 a4 53. Ra6 Rc3+ 54. Kh4 a3 55. Nf5 b4 56. Nd6+ Kd7 57. Nb5 Rc4+ 58. Kh3 Rc2 59. Nd4 b3 60. Ra7+ Ke8 61. Rxa3 b2 62. Ra8+ Ke7 63. Rb8 1/2-1/2

[Event "Perm Kotkov Memorial op"]
[Site "Perm"]
[Date "2007.03.28"]
[Round "3"]
[White "Orekhov, Viktor"]
[Black "Chumakov, Anatoly"]
[Result "1-0"]
[WhiteElo "2249"]
[BlackElo "2027"]
[PlyCount "41"]
[EventDate "2007.03.27"]
[EventType "swiss"]
[EventRounds "7"]
[EventCountry "RUS"]
[SourceTitle "EXT 2022"]
[Source "ChessBase"]
[SourceDate "2021.10.06"]
[SourceVersion "1"]
[SourceVersionDate "2021.10.06"]
[SourceQuality "1"]

1. e4 c5 2. Nf3 d6 3. d4 cxd4 4. Nxd4 Nf6 5. Nc3 a6 6. Bg5 e6 7. Qf3 Be7 8. 0-0-0 Nbd7 9. Be2 Qc7 10. Rhe1 Ne5 11. Qg3 b5 12. f4 Ng6 13. Bf3 Bb7 14. f5 Nf8 15. fxe6 fxe6 16. e5 dxe5 17. Bxf6 Bxf6 18. Ndxb5 axb5 19. Nxb5 Qb6 20. Bxb7 Rxa2 21. Nd6+ 1-0

[Event "PriFR-ch Seniors"]
[Site "Perm"]
[Date "2007.03.06"]
[Round "6"]
[White "Zamorin, Nikolai"]
[Black "Chumakov, Anatoly"]
[Result "1-0"]
[WhiteElo "2037"]
[BlackElo "2027"]
[PlyCount "75"]
[EventDate "2007.03.01"]
[EventType "swiss"]
[EventRounds "9"]
[EventCountry "RUS"]
[SourceTitle "EXT 2022"]
[Source "ChessBase"]
[SourceDate "2021.10.06"]
[SourceVersion "1"]
[SourceVersionDate "2021.10.06"]
[SourceQuality "1"]

1. e4 c5 2. Nf3 d6 3. d4 cxd4 4. Nxd4 Nf6 5. Nc3 a6 6. Bg5 e6 7. f4 Be7 8. Qf3 0-0 9. 0-0-0 Ne8 10. Bxe7 Qxe7 11. g4 Nc6 12. h4 Nxd4 13. Rxd4 b5 14. Bg2 Bb7 15. Qg3 Rc8 16. h5 f6 17. Rhd1 Rc5 18. Kb1 Qc7 19. R4d2 Qe7 20. Qd3 Qc7 21. Ne2 Qe7 22. Nd4 Bc8 23. Nb3 Rc7 24. Bf3 Qd8 25. Nd4 Rff7 26. Qb3 e5 27. fxe5 fxe5 28. Nf5 Rcd7 29. a3 h6 30. Rg2 Kh8 31. Rdg1 Rc7 32. g5 Bxf5 33. exf5 hxg5 34. Rxg5 Rf6 35. Bd5 Qe7 36. Be6 Rh6 37. Qd5 Rc8 38. Bxc8 1-0

[Event "Perm op 01-A"]
[Site "Perm"]
[Date "2007.01.14"]
[Round "8"]
[White "Davydov, Stepan"]
[Black "Chumakov, Anatoly"]
[Result "1/2-1/2"]
[WhiteElo "2013"]
[BlackElo "2027"]
[PlyCount "59"]
[EventDate "2007.01.05"]
[EventType "swiss"]
[EventRounds "9"]
[EventCountry "RUS"]
[SourceTitle "EXT 2008"]
[Source "ChessBase"]
[SourceDate "2007.11.25"]
[SourceVersion "1"]
[SourceVersionDate "2007.11.25"]
[SourceQuality "1"]

1. e4 c5 2. Nf3 d6 3. d4 cxd4 4. Nxd4 Nf6 5. Nc3 a6 6. f3 g6 7. Be3 b5 8. Qd2 h5 9. 0-0-0 Qc7 10. Kb1 Bg7 11. Be2 Bb7 12. g3 Nbd7 13. h3 Nb6 14. Rdg1 Rc8 15. g4 Nc4 16. Bxc4 Qxc4 17. Qe2 Qc7 18. g5 Nd7 19. Bf2 Nb6 20. Re1 Nc4 21. Nd5 Qd8 22. Rhf1 e6 23. Nf6+ Bxf6 24. gxf6 Qxf6 25. Ka1 e5 26. Nb3 0-0 27. Bg3 h4 28. Bh2 g5 29. Rg1 Kh7 30. Kb1 1/2-1/2

[Event "Perm op 01-A"]
[Site "Perm"]
[Date "2007.01.11"]
[Round "6"]
[White "Chumakov, Anatoly"]
[Black "Shilov, Boris"]
[Result "1-0"]
[WhiteElo "2027"]
[BlackElo "2003"]
[PlyCount "53"]
[EventDate "2007.01.05"]
[EventType "swiss"]
[EventRounds "9"]
[EventCountry "RUS"]
[SourceTitle "EXT 2008"]
[Source "ChessBase"]
[SourceDate "2007.11.25"]
[SourceVersion "1"]
[SourceVersionDate "2007.11.25"]
[SourceQuality "1"]

1. d4 d5 2. c4 c6 3. Nf3 e6 4. e3 Nf6 5. Bd3 dxc4 6. Bxc4 Be7 7. 0-0 0-0 8. Nc3 Nbd7 9. a3 Nb6 10. Bd3 c5 11. dxc5 Bxc5 12. b4 Bd6 13. Bb2 Nbd5 14. Nxd5 Nxd5 15. Be4 Be7 16. Qc2 f5 17. Bxd5 exd5 18. Rfd1 Be6 19. Qb3 Bf6 20. Rac1 Qb6 21. Ne5 Bxe5 22. Bxe5 Qb5 23. Qb2 Bd7 24. Bxg7 Rf7 25. Bh6 Rc8 26. Rxc8+ Bxc8 27. Qd4 1-0

[Event "Perm op 01-A"]
[Site "Perm"]
[Date "2007.01.09"]
[Round "4"]
[White "Podvalnikov, Boris"]
[Black "Chumakov, Anatoly"]
[Result "1/2-1/2"]
[WhiteElo "2182"]
[BlackElo "2027"]
[PlyCount "52"]
[EventDate "2007.01.05"]
[EventType "swiss"]
[EventRounds "9"]
[EventCountry "RUS"]
[SourceTitle "EXT 2008"]
[Source "ChessBase"]
[SourceDate "2007.11.25"]
[SourceVersion "1"]
[SourceVersionDate "2007.11.25"]
[SourceQuality "1"]

1. e4 c5 2. Nf3 Nc6 3. d4 cxd4 4. Nxd4 Nf6 5. Nc3 e5 6. Ndb5 d6 7. Bg5 a6 8. Na3 b5 9. Bxf6 gxf6 10. Nd5 f5 11. g3 fxe4 12. Bg2 Be6 13. Bxe4 Bg7 14. 0-0 Rc8 15. f4 exf4 16. Nxf4 Bxb2 17. Nxe6 fxe6 18. Nxb5 Qb6+ 19. Kh1 Qxb5 20. Qxd6 Bxa1 21. Qxe6+ Ne7 22. Qf7+ Kd7 23. Rd1+ Kc7 24. Qxe7+ Kb8 25. Qd6+ Ka7 26. Qe7+ Kb8 1/2-1/2